000 00379nam a2200133Ia 4500
008 151213s9999 xx 000 0 und d
100 _aShamsul Huda Harun
245 _aParliamentary Behavior in A Multi National State
_cShamsul Huda Harun
260 _aDhaka
_bAsiatic Socitey
_c1984
300 _a7188 p.
650 _aReference
700 _aShamsul Huda Harun
999 _c3826
_d3826